000 00322nam a2200145Ia 4500
008 210210b1968 xxu||||| |||| 00| 0 eng d
082 _a780 VOIM
100 _aVOICE OF AMERICA forum lectures.
245 _aMusic.
260 _aMadras
_b
_c1968
300 _a148
650 _aMusic
690 _aMusic
906 _a030017
999 _c81214
_d81214